000 00754naa a22002657a 4500
001 BR7000526
003 BR-BrBNA
005 20240918173403.0
007 ta
008 230509b bl.||||| |||| 00| 0 por d
040 _aBR-BrBNA
_bpor
_cBiblioteca Nacional de Agricultura
041 _a(Pt)
072 _aM40
_b8105
090 _aM40 BR7000526
100 1 _aGodoy, M.P. de
245 1 _aMigracoes dos peixes - marcacao
260 3 _aSao Paulo, SP (Brasil):
_c[nd].
500 _aPoluicao e piscicultura Sao Paulo, SP (Brasil): [nd]. p. 147-153 (BR7000526-AM)M40
650 _aBiologia aquatica
650 _aPeixe de agua doce
650 _aMigracao
650 _aMarcacao
909 _a202404
_bLucia
_c55
_dLucia Elande
942 _cAM
_2AGRIS
999 _c304335
_d304335